| 000 | 00594nam a2200217 a 4500 | ||
|---|---|---|---|
| 999 |
_c609 _d609 |
||
| 001 | 609 | ||
| 003 | BD-JhCC | ||
| 005 | 20171007205829.0 | ||
| 008 | 171007s1957 a|||| |||| 001 0 eng d | ||
| 035 | _a(BD-JhCC)609 | ||
| 040 |
_aBD-JhCC _dBD-JhCC |
||
| 041 | _aeng | ||
| 082 |
_222 _a372.3 _bLAY 1957 |
||
| 100 | _aK. Laybourn. | ||
| 245 |
_aTeaching Science to the ordinary pupil / _cK. Laybourn : C.H. Bailey . |
||
| 260 |
_aLondon , _bUnivesity of London press , _c1957 |
||
| 300 |
_a416p. : _bill. ; _c22cm. |
||
| 650 |
_aScience _xStydy and Teaching |
||
| 942 |
_2ddc _cBK |
||